000 00374nam a22001577a 4500
005 20160426153712.0
008 160426b xxu||||| |||| 00| 0 eng d
020 _a0-19-51-5661-07
041 _aeng
082 _b00165
100 _aChen, Chi-Tsong
_972
245 _aSignals and Systems
260 _aNew York
_bOxford University Press,
_c2004
300 _a424
942 _cBK
999 _c46
_d46